000
00271nam a22001217a 4500
003
SGT
082
_a
741.6
_b
WRI
100
_a
WRIGHT STEVE
245
_a
DIGITAL COMPOSITING FOR FILM AND VIDEO
260
_a
U.K
_b
RAUTLEDGE PUB
_c
2024
300
_a
527
942
_2
ddc
_c
BK
999
_c
34663
_d
34663